000 nam a22 7a 4500
999 _c10212
_d10212
008 180213b ||||| |||| 00| 0 eng d
100 _aCBSE
_96209
245 _aLife Skills Education-VIII
260 _aNew Delhi
_bCBSE
_c2011